[Event "Play for Durgesh Fundraiser Blitz"]
[Site "Vishy Anand Arena"]
[Date "2020.09.19"]
[Round "4"]
[White "Leolek"]
[Black "Nihelesh"]
[Result "1-0"]
[WhiteElo "2201"]
[BlackElo "1878"]
[PlyCount "103"]
[EventDate "2020.09.19"]
[EventType "swiss (blitz)"]

1. e4 e6 2. d4 d5 3. e5 c5 4. c3 Nc6 5. Nf3 Qb6 6. Be2 Nge7 7. Na3 cxd4 8. cxd4 a6 9. O-O Nf5 10. Nc2 Be7 11. Bd3 Nh6 12. b3 Bd7 13. Bf4 O-O-O 14. Qd2 Bf8 15. Bg5 Re8 16. h3 Kb8 17. Rfb1 Rc8 18. a3 Na5 19. b4 Nc4 20. Qf4 Ba4 21. Ne3 Nxe3 22. Qxe3 Ng8 23. Rc1 Rxc1+ 24. Rxc1 h6 25. Bf4 Ne7 26. g4 g5 27. Bg3 Nc6 28. Kg2 Be7 29. h4 gxh4 30. Bf4 Bg5 31. Kh3 Rg8 32. Be2 Rg7 33. Rc5 Qd8 34. Bd3 Qg8 35. Be2 Be7 36. Nxh4 Bxc5 37. bxc5 Na5 38. Bxh6 Rh7 39. g5 Nc4 40. Qf4 Nxa3 41. Bd3 Nb5 42. Bxh7 Qxh7 43. Kg4 Nc7 44. Qf6 Bd1+ 45. f3 Kc8 46. Qd8+ Kxd8 47. Kg3 Kc8 48. g6 Bc2 49. g7 Qg8 50. Bg5 Bg6 51. Bf6 Qh7 52. Nxg6 1-0

[Event "Play for Durgesh Fundraiser Blitz"]
[Site "Vishy Anand Arena"]
[Date "2020.09.19"]
[Round "4"]
[White "Suyu28"]
[Black "Francy29"]
[Result "1-0"]
[WhiteElo "2182"]
[BlackElo "2023"]
[Annotator "NA"]
[PlyCount "165"]
[EventDate "2020.09.19"]
[EventType "swiss (blitz)"]

1. d4 Nf6 2. c4 g6 3. g3 Bg7 4. Bg2 d5 5. cxd5 Nxd5 6. Nf3 O-O 7. O-O Nc6 8. e4 Nb6 9. d5 Na5 10. Qc2 c6 11. Nc3 cxd5 12. Rd1 d4 13. e5 Nc6 14. Be3 Bg4 15. Nxd4 Bxd1 16. Rxd1 Nxd4 17. Bxd4 Qc7 18. Qe4 Rad8 19. Qxb7 Qxb7 20. Bxb7 Bxe5 21. Bxe5 Nc4 22. Bf4 e5 23. Bc1 Rxd1+ 24. Nxd1 Rd8 25. Ne3 Nd6 26. Bd5 Nb5 27. Bc4 Nd4 28. Kg2 Nc6 29. b3 Nb4 30. a4 Nd3 31. Ba3 Ne1+ 32. Kf1 Nf3 33. Ke2 e4 34. Bd5 Nd4+ 35. Kf1 Nf5 36. Nxf5 gxf5 37. Bc4 Kg7 38. a5 Kf6 39. Bc5 Rd7 40. b4 Ke5 41. Bb5 Rc7 42. Ke1 f4 43. gxf4+ Kd5 44. Ke2 f5 45. Ke3 Rg7 46. Ba4 Kc4 47. Bd1 Rc7 48. Be2+ Kc3 49. h4 Kc2 50. h5 Kc3 51. h6 Kc2 52. Bc4 Rc6 53. Bd5 Rxh6 54. Bxa7 Rh1 55. Kd4 Rd1+ 56. Ke5 Rd2 57. Bc5 Kc3 58. a6 Ra2 59. a7 Re2 60. a8=Q e3 61. Qa3+ Kd2 62. Qb2+ Ke1 63. Qc1+ Kxf2 64. Kd4 Rd2+ 65. Kc4 Rxd5 66. Qxe3+ Kg2 67. Qe2+ Kh3 68. Kxd5 h5 69. Bg1 h4 70. Qh2+ Kg4 71. Qg2+ Kh5 72. Bf2 Kh6 73. Qh3 Kh7 74. Qxh4+ Kg8 75. Qg5+ Kf7 76. Qxf5+ Ke7 77. Qe6+ Kd8 78. f5 Kc7 79. f6 Kb8 80. f7 Kb7 81. f8=Q Kc7 82. Qff7+ Kb8 83. Qee8# 1-0

[Event "Play for Durgesh Fundraiser Blitz"]
[Site "Vishy Anand Arena"]
[Date "2020.09.19"]
[Round "4"]
[White "Nikhildixit98"]
[Black "Adireddyarjun"]
[Result "0-1"]
[WhiteElo "2173"]
[BlackElo "1573"]
[Annotator "NA"]
[PlyCount "50"]
[EventDate "2020.09.19"]
[EventType "swiss (blitz)"]

1. e4 c5 2. Nf3 d6 3. Bb5+ Nd7 4. d4 cxd4 5. Qxd4 Ngf6 6. Bg5 Qa5+ 7. Nc3 a6 8. Bxd7+ Bxd7 9. Bxf6 gxf6 10. O-O-O b5 11. Kb1 Bg7 12. Nd5 Qd8 13. h4 O-O 14. h5 h6 15. Nh4 f5 16. Qe3 fxe4 17. Qxe4 e6 18. Ne3 d5 19. Qd3 Qf6 20. c3 b4 21. Ng4 Qf4 22. f3 bxc3 23. g3 Qb4 24. b3 a5 25. Rhe1 a4 0-1

[Event "Play for Durgesh Fundraiser Blitz"]
[Site "Vishy Anand Arena"]
[Date "2020.09.19"]
[Round "4"]
[White "ASB"]
[Black "PRANAVAJ"]
[Result "1-0"]
[WhiteElo "2051"]
[BlackElo "1801"]
[Annotator "NA"]
[PlyCount "85"]
[EventDate "2020.09.19"]
[EventType "swiss (blitz)"]

1. d4 Nf6 2. Bf4 g6 3. e3 Bg7 4. Nf3 O-O 5. Be2 d6 6. h3 b6 7. O-O Bb7 8. c3 Nbd7 9. Nbd2 c5 10. Bh2 cxd4 11. cxd4 Re8 12. Rc1 e5 13. dxe5 dxe5 14. Nc4 e4 15. Nd4 Nc5 16. Nd6 Re7 17. Nxb7 Rxb7 18. b4 Ncd7 19. Ba6 Rbb8 20. Nc6 Qe8 21. Nxb8 Rxb8 22. Bxb8 Nxb8 23. Rc8 Qxc8 24. Bxc8 h5 25. Bb7 Kh7 26. f3 exf3 27. Qxf3 Nbd7 28. e4 Ne5 29. Qg3 Nfd7 30. Bc8 Nb8 31. Bb7 Nbd7 32. Bd5 f6 33. Be6 Nb8 34. Rc1 Nbc6 35. Rxc6 Nxc6 36. Qd6 Ne5 37. a4 Kh6 38. a5 bxa5 39. bxa5 Kh7 40. Qc7 Kh8 41. Qxa7 Bh6 42. Qa8+ Kg7 43. Qg8# 1-0

[Event "Play for Durgesh Fundraiser Blitz"]
[Site "Vishy Anand Arena"]
[Date "2020.09.19"]
[Round "4"]
[White "Kikku"]
[Black "Kakashi Hatake"]
[Result "1-0"]
[WhiteElo "2049"]
[BlackElo "1421"]
[Annotator "NA"]
[PlyCount "63"]
[EventDate "2020.09.19"]
[EventType "swiss (blitz)"]

1. e4 e6 2. d4 d5 3. Nc3 Bb4 4. Nge2 dxe4 5. a3 Bxc3+ 6. Nxc3 Nf6 7. Bg5 h6 8. Bxf6 Qxf6 9. Nxe4 Qg6 10. Ng3 O-O 11. Bd3 Qf6 12. O-O Nc6 13. c3 e5 14. d5 Ne7 15. c4 Ng6 16. b4 Nf4 17. Re1 h5 18. Ne4 Qg6 19. g3 Nh3+ 20. Kf1 Qf5 21. Ra2 h4 22. Nd6 Qf6 23. Nxc8 Raxc8 24. Qg4 Ng5 25. Qxh4 Rce8 26. Rae2 g6 27. Be4 Nf3 28. Qxf6 Nxh2+ 29. Kg2 Ng4 30. Qg5 f5 31. Qxg6+ Kh8 32. Rh1+ 1-0

[Event "Play for Durgesh Fundraiser Blitz"]
[Site "Vishy Anand Arena"]
[Date "2020.09.19"]
[Round "4"]
[White "SymbolX"]
[Black "An_2356"]
[Result "1-0"]
[WhiteElo "2033"]
[BlackElo "1861"]
[Annotator "NA"]
[PlyCount "47"]
[EventDate "2020.09.19"]
[EventType "swiss (blitz)"]

1. c4 e5 2. Nc3 Nf6 3. Nf3 Nc6 4. e4 Bb4 5. d3 O-O 6. a3 Bxc3+ 7. bxc3 d6 8. Be2 b6 9. O-O h6 10. Ne1 Nh7 11. f4 Bd7 12. f5 Ng5 13. Nc2 Na5 14. Ne3 Nb7 15. f6 g6 16. Nd5 Be6 17. Ne7+ Kh7 18. Bxg5 hxg5 19. Qd2 g4 20. Qg5 Qxe7 21. fxe7 Rh8 22. Bxg4 Bxg4 23. Rxf7+ Kg8 24. Qxg6# 1-0

[Event "Play for Durgesh Fundraiser Blitz"]
[Site "Vishy Anand Arena"]
[Date "2020.09.19"]
[Round "4"]
[White "Roedor87"]
[Black "Soham Sheogekar"]
[Result "1-0"]
[WhiteElo "2028"]
[BlackElo "1635"]
[Annotator "NA"]
[PlyCount "83"]
[EventDate "2020.09.19"]
[EventType "swiss (blitz)"]

1. d4 Nf6 2. c4 e6 3. g3 d5 4. Bg2 dxc4 5. Nf3 Nc6 6. O-O Bd6 7. Nc3 O-O 8. e4 e5 9. dxe5 Nxe5 10. Nxe5 Bxe5 11. Qe2 Re8 12. Rd1 Qe7 13. f4 Bxc3 14. bxc3 Bg4 15. Bf3 Bxf3 16. Qxf3 Nxe4 17. Rd4 c6 18. Rxc4 Rad8 19. Be3 Rd3 20. Re1 Nd2 21. Bxd2 Rxf3 22. Rxe7 Rxe7 23. Rd4 h6 24. Kg2 Rfe3 25. Bxe3 Rxe3 26. Rd8+ Kh7 27. Rd7 Rxc3 28. Rxf7 Rc2+ 29. Kf3 Rxa2 30. Rxb7 Rxh2 31. Rxa7 Rc2 32. Rc7 Rc3+ 33. Kg4 Kg6 34. Kh4 Kf5 35. Rxg7 Kf6 36. Rc7 Kg6 37. Kg4 Kf6 38. Rh7 Kg6 39. Rd7 Kf6 40. Rd6+ Ke7 41. Rxh6 Kd7 42. Kh4 1-0

[Event "Play for Durgesh Fundraiser Blitz"]
[Site "Vishy Anand Arena"]
[Date "2020.09.19"]
[Round "4"]
[White "aadit1728"]
[Black "Snehil29"]
[Result "1-0"]
[WhiteElo "2009"]
[BlackElo "2007"]
[Annotator "NA"]
[PlyCount "141"]
[EventDate "2020.09.19"]
[EventType "swiss (blitz)"]

1. d4 d5 2. Nf3 Nf6 3. c4 e6 4. Nc3 Bb4 5. Bg5 Nbd7 6. cxd5 exd5 7. e3 c5 8. Be2 Qa5 9. O-O Bxc3 10. bxc3 Ne4 11. c4 cxd4 12. Qxd4 Nxg5 13. Nxg5 O-O 14. cxd5 Nf6 15. e4 h6 16. Nf3 Bg4 17. h3 Bh5 18. Rad1 Rfe8 19. e5 Rad8 20. exf6 Rxe2 21. Nh4 Rxa2 22. fxg7 Ra4 23. Qf6 Rxh4 24. Qxh4 Bxd1 25. Rxd1 Kxg7 26. d6 Qg5 27. Qd4+ Qf6 28. Qxa7 Rxd6 29. Rxd6 Qxd6 30. Qxb7 Qe6 31. Qb2+ Kh7 32. Qc2+ Kg7 33. Qc3+ Kh7 34. h4 Qg6 35. g3 h5 36. Kg2 Qe4+ 37. Qf3 Qg6 38. Qe2 Qc6+ 39. Kh2 Qg6 40. f3 Kg7 41. Qe5+ Kh7 42. Qe4 f5 43. Qe7+ Kh6 44. f4 Qg4 45. Qg5+ Kh7 46. Qxg4 hxg4 47. Kg2 Kg6 48. Kf2 Kh5 49. Ke3 Kg6 50. Kd4 Kf6 51. Kd5 Kg6 52. Ke6 Kh5 53. Kxf5 Kh6 54. Kxg4 Kg6 55. h5+ Kh7 56. Kh4 Kg7 57. g4 Kh7 58. g5 Kg8 59. f5 Kh8 60. Kg4 Kg7 61. Kf4 Kh7 62. Ke5 Kg8 63. Kf6 Kh8 64. h6 Kh7 65. g6+ Kg8 66. h7+ Kh8 67. g7+ Kxh7 68. Kf7 Kh6 69. g8=Q Kh5 70. Qg3 Kh6 71. Qg6# 1-0

[Event "Play for Durgesh Fundraiser Blitz"]
[Site "Vishy Anand Arena"]
[Date "2020.09.19"]
[Round "4"]
[White "Attacker_97"]
[Black "Anirudhha"]
[Result "1-0"]
[WhiteElo "2007"]
[BlackElo "2108"]
[Annotator "NA"]
[PlyCount "97"]
[EventDate "2020.09.19"]
[EventType "swiss (blitz)"]

1. e4 e5 2. Nc3 Nf6 3. g3 Nc6 4. Bg2 a6 5. Nge2 Bc5 6. O-O O-O 7. d3 d6 8. h3 Ne8 9. Kh2 f5 10. f4 exf4 11. Bxf4 Bd7 12. Qd2 Nf6 13. exf5 Bxf5 14. Ne4 Nxe4 15. dxe4 Bg6 16. Rae1 Qd7 17. Nc3 Rae8 18. e5 Kh8 19. exd6 Bxd6 20. Ne4 Bxe4 21. Bxe4 Rd8 22. Bg5 Rde8 23. Bf4 Rd8 24. Bxd6 cxd6 25. Bg2 Ne5 26. b3 Ng6 27. c4 h6 28. Qd3 Ne7 29. Be4 Nc6 30. Bg2 Ne7 31. b4 b5 32. c5 d5 33. a3 d4 34. Be4 Qc7 35. Rxf8+ Rxf8 36. Rf1 Rd8 37. Bg2 Qe5 38. Rf2 Nd5 39. Rd2 Ne3 40. Re2 Qf5 41. Qxf5 Nxf5 42. Be4 Ne7 43. Rd2 Rd7 44. c6 d3 45. cxd7 Nc6 46. d8=Q+ Nxd8 47. Rxd3 Ne6 48. Rd7 Ng5 49. Rd8# 1-0

[Event "Play for Durgesh Fundraiser Blitz"]
[Site "Vishy Anand Arena"]
[Date "2020.09.19"]
[Round "4"]
[White "Harry Grieve"]
[Black "SAIMANIVANNAN"]
[Result "0-1"]
[WhiteElo "1997"]
[BlackElo "1577"]
[Annotator "NA"]
[PlyCount "102"]
[EventDate "2020.09.19"]
[EventType "swiss (blitz)"]

1. e4 c5 2. Nf3 d6 3. d4 cxd4 4. Nxd4 Nf6 5. Nc3 e6 6. Be3 Nc6 7. f3 Be7 8. g4 a6 9. Qd2 Qc7 10. O-O-O b5 11. Nxc6 Qxc6 12. Ne2 Bb7 13. Nd4 Qc7 14. Kb1 Rc8 15. Rg1 d5 16. g5 Nd7 17. Bd3 g6 18. h4 e5 19. Ne2 d4 20. Bf2 Nc5 21. f4 Nxe4 22. Bxe4 Bxe4 23. Rc1 O-O 24. fxe5 Rfd8 25. Bxd4 Bc5 26. Qe3 Bxd4 27. Nxd4 Qxe5 28. Nb3 Bxc2+ 29. Rxc2 Qxe3 30. Rgc1 Qe4 31. Na1 Rxc2 32. Nxc2 b4 33. b3 Rc8 34. Kb2 Qe2 35. Kb1 a5 36. Kb2 a4 37. bxa4 Qd2 38. Kb1 Qc3 39. a5 b3 40. axb3 Qxb3+ 41. Ka1 Rxc2 42. Rxc2 Qxc2 43. a6 Qa4+ 44. Kb2 Qxa6 45. h5 Kf8 46. Kc3 gxh5 47. Kd4 h4 48. Ke3 h3 49. Kf2 Qd3 50. Kg1 Qf3 51. g6 Qg2# 0-1

[Event "Play for Durgesh Fundraiser Blitz"]
[Site "Vishy Anand Arena"]
[Date "2020.09.19"]
[Round "4"]
[White "Carlashis"]
[Black "Junosource"]
[Result "1-0"]
[WhiteElo "1975"]
[BlackElo "2027"]
[Annotator "NA"]
[PlyCount "97"]
[EventDate "2020.09.19"]
[EventType "swiss (blitz)"]

1. d4 d5 2. c4 e6 3. Nf3 Nf6 4. g3 Bb4+ 5. Bd2 Be7 6. Bg2 O-O 7. O-O Nbd7 8. Nc3 dxc4 9. a4 a5 10. e4 Nb6 11. Re1 c5 12. dxc5 Bxc5 13. Qc2 Ng4 14. Nd1 Bd7 15. h3 Nf6 16. e5 Nfd5 17. Ng5 g6 18. Be3 Bxe3 19. Nxe3 Qxg5 20. Nd1 Rfc8 21. h4 Qe7 22. Nc3 Nb4 23. Qd2 Bc6 24. Bxc6 Rxc6 25. h5 Nd3 26. Re2 Rd8 27. Qh6 Qf8 28. Qe3 Nd5 29. Qe4 Nxc3 30. bxc3 Rd5 31. Rb1 Rxe5 32. Qf3 Rxe2 33. Qxe2 b6 34. Qe4 Qc5 35. Qg2 gxh5 36. Rb5 Qd6 37. Rxh5 Rc5 38. Rh4 Rf5 39. Qa8+ Kg7 40. Rg4+ Kf6 41. Qh8+ Ke7 42. Rg8 Qd7 43. Rc8 Kd6 44. Rd8 Ne5 45. Rxd7+ Kxd7 46. Qxh7 Nf3+ 47. Kg2 Ng5 48. Qh2 Ne4 49. f3 1-0

[Event "Play for Durgesh Fundraiser Blitz"]
[Site "Vishy Anand Arena"]
[Date "2020.09.19"]
[Round "4"]
[White "Suyash45"]
[Black "srujankeerthan2005"]
[Result "0-1"]
[WhiteElo "1962"]
[BlackElo "1841"]
[Annotator "NA"]
[PlyCount "102"]
[EventDate "2020.09.19"]
[EventType "swiss (blitz)"]

1. e4 c5 2. Nf3 Nc6 3. d4 cxd4 4. Nxd4 Nf6 5. Nc3 e5 6. Ndb5 d6 7. Bg5 a6 8. Na3 b5 9. Nd5 Be7 10. Bxf6 Bxf6 11. c3 Bg5 12. Nc2 O-O 13. a4 bxa4 14. Rxa4 a5 15. Bc4 Rb8 16. b3 Ne7 17. Nce3 Be6 18. O-O Kh8 19. Qa1 Nc6 20. Rd1 g6 21. g3 f5 22. exf5 gxf5 23. f4 Bf6 24. Nxf6 Rxf6 25. fxe5 Nxe5 26. Bxe6 Rxe6 27. Nxf5 Qb6+ 28. Nd4 Rf6 29. c4 Rbf8 30. Rxa5 Nf3+ 31. Kg2 Ne5 32. Rd2 Qb4 33. Re2 Qb7+ 34. Rd5 Ra8 35. Qe1 Raf8 36. Nb5 Nf3 37. Qc3 Ne5 38. Nxd6 Rxd6 39. Qxe5+ Rff6 40. Rf2 Kg7 41. g4 h6 42. h4 Kf7 43. Rxf6+ Rxf6 44. Qh5+ Kg7 45. Qe5 Kf7 46. Kg3 Qxb3+ 47. Kg2 Qf3+ 48. Kg1 Qf2+ 49. Kh1 Qf1+ 50. Kh2 Rf2+ 51. Kg3 Qg2# 0-1

[Event "Play for Durgesh Fundraiser Blitz"]
[Site "Vishy Anand Arena"]
[Date "2020.09.19"]
[Round "4"]
[White "Ccc2016"]
[Black "Stark11"]
[Result "0-1"]
[WhiteElo "1960"]
[BlackElo "1984"]
[Annotator "NA"]
[PlyCount "80"]
[EventDate "2020.09.19"]
[EventType "swiss (blitz)"]

1. e4 e6 2. d4 d5 3. Nd2 c5 4. Ngf3 cxd4 5. Nxd4 Nc6 6. Nxc6 bxc6 7. e5 f6 8. Nf3 Qc7 9. exf6 Nxf6 10. Bd3 Bd6 11. O-O e5 12. Be2 O-O 13. h3 e4 14. Nd4 a6 15. c4 c5 16. Nb3 d4 17. Bg5 h6 18. Bxf6 Rxf6 19. Bg4 Bb7 20. Na5 Qxa5 21. b3 Raf8 22. Qe2 Bb8 23. g3 Qc7 24. Rad1 Qe5 25. b4 e3 26. f4 Qe4 27. Bf3 Qe7 28. Bxb7 Qxb7 29. bxc5 Qe4 30. Rf3 Rg6 31. Kh2 Rd8 32. Rd3 Qf5 33. Rfxe3 Kh7 34. Re7 Qxc5 35. Qe4 Qxc4 36. f5 Qxa2+ 37. Kh1 Qb1+ 38. Kh2 Bxg3+ 39. Kg2 Qc2+ 40. Kf3 Qf2# 0-1

[Event "Play for Durgesh Fundraiser Blitz"]
[Site "Vishy Anand Arena"]
[Date "2020.09.19"]
[Round "4"]
[White "Mastering tempo"]
[Black "Abracadabra"]
[Result "1/2-1/2"]
[WhiteElo "1960"]
[BlackElo "1498"]
[Annotator "NA"]
[PlyCount "52"]
[EventDate "2020.09.19"]
[EventType "swiss (blitz)"]

1. e4 e5 2. Nf3 Nc6 3. Bb5 a6 4. Bxc6 dxc6 5. Nc3 Nf6 6. O-O Bg4 7. h3 Bh5 8. g4 Bg6 9. Nxe5 Nxe4 10. Nxe4 Bxe4 11. Re1 Qd4 12. d3 Bc5 13. Rxe4 Qxf2+ 14. Kh1 O-O 15. Qf3 Qh4 16. Be3 Bd6 17. Bf2 Qg5 18. Bg3 f5 19. gxf5 Rxf5 20. Qg4 Qf6 21. Nc4 Rf1+ 22. Rxf1 Qxf1+ 23. Kh2 Qf2+ 24. Kh1 Qf1+ 25. Kh2 Qf2+ 26. Kh1 Qf1+ 1/2-1/2

[Event "Play for Durgesh Fundraiser Blitz"]
[Site "Vishy Anand Arena"]
[Date "2020.09.19"]
[Round "4"]
[White "Neevptl"]
[Black "Sragvidhanvi"]
[Result "0-1"]
[WhiteElo "1960"]
[BlackElo "1597"]
[Annotator "NA"]
[PlyCount "146"]
[EventDate "2020.09.19"]
[EventType "swiss (blitz)"]

1. e4 c6 2. Nc3 d5 3. Nf3 dxe4 4. Nxe4 Bg4 5. h3 Bh5 6. Ng3 Bxf3 7. Qxf3 Nf6 8. Bc4 e6 9. O-O Bd6 10. d3 Nbd7 11. Re1 Ne5 12. Qe2 Nxc4 13. dxc4 Qc7 14. Ne4 Nxe4 15. Qxe4 O-O 16. Bd2 Rad8 17. Bc3 Rfe8 18. Rad1 e5 19. Qf5 f6 20. b3 c5 21. Rd5 b6 22. Red1 Re7 23. a4 Red7 24. Qe6+ Kh8 25. h4 Re7 26. Qf5 Red7 27. Qd3 h6 28. h5 Kg8 29. Bb2 Kf7 30. Qg6+ Ke6 31. R1d3 Bf8 32. Rxd7 Rxd7 33. Qg4+ Ke7 34. Rxd7+ Qxd7 35. Qxd7+ Kxd7 36. g4 Ke6 37. f3 Bd6 38. Kf2 f5 39. Ke3 fxg4 40. fxg4 Kf6 41. Kf3 Kg5 42. Bc1+ Kf6 43. Be3 Be7 44. Ke4 Ke6 45. Bd2 Bg5 46. Bc3 Bf4 47. Bb2 Kf6 48. Bc3 Kg5 49. a5 Kxg4 50. axb6 axb6 51. b4 Kxh5 52. bxc5 bxc5 53. Kd5 Kg5 54. Kxc5 h5 55. Kd5 h4 56. Ke4 h3 57. Kf3 e4+ 58. Kf2 e3+ 59. Kf3 e2 60. Be1 Kf5 61. c5 g5 62. c6 g4+ 63. Kf2 g3+ 64. Kf3 g2 65. Bf2 e1=Q 66. Bxe1 g1=Q 67. Bf2 Qg2+ 68. Ke2 Qxc6 69. c4 Qxc4+ 70. Ke1 Qc1+ 71. Ke2 Qd2+ 72. Kf3 Qd3+ 73. Be3 Qxe3# 0-1

[Event "Play for Durgesh Fundraiser Blitz"]
[Site "Vishy Anand Arena"]
[Date "2020.09.19"]
[Round "4"]
[White "Advait30"]
[Black "Nagaramchess"]
[Result "1-0"]
[WhiteElo "1923"]
[BlackElo "1708"]
[Annotator "NA"]
[PlyCount "99"]
[EventDate "2020.09.19"]
[EventType "swiss (blitz)"]

1. e4 e5 2. Nf3 Nc6 3. d4 exd4 4. Nxd4 Bc5 5. Nxc6 Qf6 6. Qd2 dxc6 7. Bd3 Be6 8. O-O O-O-O 9. Qe2 Nh6 10. Nc3 Bg4 11. Qd2 Bd6 12. Qg5 Qxg5 13. Bxg5 Rde8 14. f3 Be6 15. Be3 b6 16. Rad1 f5 17. Ba6+ Kb8 18. Rfe1 fxe4 19. Nxe4 Be5 20. c3 Nf5 21. Bf2 Bd5 22. c4 Bxe4 23. Rxe4 Bxb2 24. Rde1 Nd6 25. Rxe8+ Rxe8 26. Rb1 Be5 27. c5 Nf5 28. g4 Nh6 29. Re1 Nf7 30. cxb6 cxb6 31. Bc4 Nd6 32. Bb3 Kc7 33. Rd1 Bf6 34. Kg2 Rd8 35. Bg3 a6 36. Be6 b5 37. a3 Be7 38. Bf5 Kb6 39. Bxh7 g6 40. Bxg6 Rg8 41. Bf2+ Kb7 42. Bb1 Rd8 43. h3 Kc7 44. Bg3 Kb7 45. Be4 Nc4 46. Rxd8 Bxd8 47. a4 Kb6 48. axb5 a5 49. Bf2+ Kc7 50. bxc6 1-0

[Event "Play for Durgesh Fundraiser Blitz"]
[Site "Vishy Anand Arena"]
[Date "2020.09.19"]
[Round "4"]
[White "Padmaesh M K"]
[Black "Shriya R"]
[Result "1-0"]
[WhiteElo "1921"]
[BlackElo "1842"]
[Annotator "NA"]
[PlyCount "139"]
[EventDate "2020.09.19"]
[EventType "swiss (blitz)"]

1. Nf3 c5 2. e3 Nc6 3. d4 cxd4 4. exd4 d5 5. Bd3 Nf6 6. O-O g6 7. b3 Bg7 8. Bb2 O-O 9. Nbd2 Nb4 10. Be2 Bf5 11. c3 Nc6 12. Ne5 Nd7 13. f4 Ndxe5 14. fxe5 Bh6 15. Nf3 f6 16. Bd3 fxe5 17. Nxe5 Nxe5 18. dxe5 Be6 19. Qe2 Qb6+ 20. Kh1 Qc6 21. Rf3 Rxf3 22. Qxf3 Rf8 23. Qe2 Qc5 24. Rf1 Rxf1+ 25. Qxf1 Qe3 26. Qe2 Qxe2 27. Bxe2 Bf4 28. c4 dxc4 29. bxc4 Kf7 30. g3 Be3 31. Kg2 Ke8 32. Kf3 Bc5 33. g4 Kd7 34. Ke4 Kc7 35. h3 Bd7 36. Kd5 b6 37. e6 Bc6+ 38. Ke5 Bd6+ 39. Kd4 Bc5+ 40. Kd3 Kd6 41. h4 Kxe6 42. h5 gxh5 43. gxh5 Kf7 44. Bg4 Bd6 45. Ke2 Bf4 46. Kf2 Bg5 47. Kg3 h6 48. Kf2 Be4 49. Ke2 e6 50. a3 Bf5 51. Bf3 Ke7 52. Bc3 Kd6 53. Bb4+ Kd7 54. Kf2 a5 55. Bc3 Kd6 56. Bd4 e5 57. Bxb6 a4 58. Bd1 Bd7 59. c5+ Ke7 60. Bf3 Bc1 61. Be4 Bxa3 62. Ke2 Bc8 63. Bc2 Bb4 64. Bxa4 Ke6 65. Bb3+ Kf5 66. Bc4 e4 67. c6 Kg5 68. Bd5 Kxh5 69. Bxe4 Kg4 70. c7 1-0

[Event "Play for Durgesh Fundraiser Blitz"]
[Site "Vishy Anand Arena"]
[Date "2020.09.19"]
[Round "4"]
[White "loss2win"]
[Black "Aditya_06"]
[Result "0-1"]
[WhiteElo "1914"]
[BlackElo "1622"]
[Annotator "NA"]
[PlyCount "118"]
[EventDate "2020.09.19"]
[EventType "swiss (blitz)"]

1. e4 c5 2. Nf3 d6 3. d4 cxd4 4. Qxd4 Nf6 5. e5 Nc6 6. Bb5 dxe5 7. Qxd8+ Kxd8 8. Bxc6 bxc6 9. Nxe5 Be6 10. Nxc6+ Kc7 11. Nd4 Bd5 12. O-O e5 13. Nb5+ Kc6 14. N5c3 Be6 15. Be3 Rb8 16. b3 a6 17. Nd2 Bb4 18. Nce4 Nxe4 19. Nxe4 Bf5 20. f3 Rhd8 21. c3 Ba3 22. Rad1 Be7 23. Kf2 h6 24. Ke2 Be6 25. c4 f5 26. Nc3 Bb4 27. Nb1 f4 28. Bf2 Bf5 29. Nd2 Bd3+ 30. Ke1 Bxf1 31. Kxf1 Rxd2 32. Rc1 Rbd8 33. g3 Rd1+ 34. Rxd1 Rxd1+ 35. Ke2 Rd2+ 36. Kf1 Rxa2 37. gxf4 exf4 38. Bd4 g5 39. h4 Ra3 40. hxg5 hxg5 41. Bf6 Rxb3 42. Bxg5 Rxf3+ 43. Ke2 Re3+ 44. Kf2 Bd6 45. c5 Kxc5 46. Bf6 Rd3 47. Ke2 Rb3 48. Kf2 a5 49. Ke2 a4 50. Kd2 a3 51. Kc2 Rh3 52. Kd2 a2 53. Ke2 Kd5 54. Kf2 Be5 55. Bxe5 Kxe5 56. Kg2 Ra3 57. Kf2 a1=Q 58. Ke2 Qb2+ 59. Kf1 Ra1# 0-1

[Event "Play for Durgesh Fundraiser Blitz"]
[Site "Vishy Anand Arena"]
[Date "2020.09.19"]
[Round "4"]
[White "Garvgaur1008"]
[Black "EvilGenius_04"]
[Result "1-0"]
[WhiteElo "1910"]
[BlackElo "2021"]
[Annotator "NA"]
[PlyCount "77"]
[EventDate "2020.09.19"]
[EventType "swiss (blitz)"]

1. d4 Nf6 2. Nf3 d5 3. c4 e6 4. g3 dxc4 5. Bg2 c6 6. Ne5 Nbd7 7. Nxc4 Nb6 8. Ne5 Bd6 9. Nd3 O-O 10. O-O Re8 11. Nc3 Nfd5 12. e4 Nxc3 13. bxc3 Bf8 14. h4 g6 15. Bg5 Be7 16. Bh6 Bf6 17. Qe2 Bg7 18. Bxg7 Kxg7 19. Rad1 Qe7 20. Nc5 Nd7 21. Nb3 a5 22. Nd2 b6 23. Nc4 Ba6 24. Rb1 e5 25. Rfd1 exd4 26. Rxd4 Ne5 27. Rxb6 Qc5 28. Rxa6 Rxa6 29. Nxe5 Rxe5 30. Qxa6 Qxc3 31. Rd1 Rb5 32. Qc8 Qc2 33. Qd7 Rb2 34. Qd4+ Kg8 35. h5 Rxa2 36. h6 f6 37. Qd8+ Kf7 38. Rd7+ Ke6 39. Qe7# 1-0

[Event "Play for Durgesh Fundraiser Blitz"]
[Site "Vishy Anand Arena"]
[Date "2020.09.19"]
[Round "4"]
[White "Kaspypran"]
[Black "Arghyadip"]
[Result "0-1"]
[WhiteElo "1903"]
[BlackElo "2192"]
[PlyCount "72"]
[EventDate "2020.09.19"]
[EventType "swiss (blitz)"]

1. d4 g6 2. Bf4 Bg7 3. Nc3 d6 4. e4 a6 5. Nf3 b5 6. a3 Bb7 7. Be2 Nd7 8. Qd2 c5 9. d5 h6 10. h4 Ngf6 11. Rd1 Ng4 12. O-O h5 13. Ng5 Nge5 14. Be3 Nb6 15. b3 Qd7 16. f4 Ng4 17. Bxg4 Qxg4 18. Nf3 Nd7 19. Ne2 Nf6 20. Qd3 O-O 21. Kf2 Qc8 22. Bc1 Ng4+ 23. Kg1 e6 24. dxe6 Qxe6 25. Ng3 Rad8 26. f5 Qc8 27. Ng5 d5 28. f6 dxe4 29. Qe2 Bxf6 30. Rxf6 Nxf6 31. Rf1 Ng4 32. Bb2 Qc6 33. c4 e3 34. N3e4 f5 35. Ng3 Rd2 36. cxb5 axb5 0-1

[Event "Play for Durgesh Fundraiser Blitz"]
[Site "Vishy Anand Arena"]
[Date "2020.09.19"]
[Round "4"]
[White "Audi_S_Tesla"]
[Black "Dushu2930"]
[Result "1-0"]
[WhiteElo "1896"]
[BlackElo "2107"]
[Annotator "NA"]
[PlyCount "65"]
[EventDate "2020.09.19"]
[EventType "swiss (blitz)"]

1. e4 d5 2. exd5 Nf6 3. d4 Bg4 4. Nf3 Qxd5 5. Be2 Nc6 6. Nc3 Qd7 7. d5 Bxf3 8. Bxf3 Ne5 9. O-O Nxf3+ 10. Qxf3 g6 11. Bg5 Bg7 12. Rfe1 O-O 13. Rad1 Rad8 14. Qe3 Rfe8 15. Qxa7 Qf5 16. Bxf6 Bxf6 17. Qxb7 Qxc2 18. Re2 Qf5 19. h3 Be5 20. a4 Rb8 21. Qc6 Bd6 22. Nb5 Qh5 23. Rde1 Bb4 24. Re5 Qh6 25. R1e2 Red8 26. Qc4 Ba5 27. Rxe7 Bb6 28. d6 Qg7 29. dxc7 Rd1+ 30. Kh2 Rf8 31. c8=Q h5 32. Qxf8+ Qxf8 33. Re8 1-0

[Event "Play for Durgesh Fundraiser Blitz"]
[Site "Vishy Anand Arena"]
[Date "2020.09.19"]
[Round "4"]
[White "Aanjaneya"]
[Black "RACEKING"]
[Result "0-1"]
[WhiteElo "1894"]
[BlackElo "2419"]
[PlyCount "54"]
[EventDate "2020.09.19"]
[EventType "swiss (blitz)"]

1. e4 c6 2. d4 d5 3. Nd2 dxe4 4. Nxe4 Nf6 5. Nxf6+ exf6 6. c3 Bd6 7. Bd3 O-O 8. Qc2 Re8+ 9. Ne2 h5 10. Be3 Nd7 11. O-O-O Nf8 12. Kb1 Be6 13. h3 b5 14. Rhg1 Bc7 15. g4 Qd5 16. b3 h4 17. Be4 Qd7 18. f3 a5 19. Nf4 Bxf4 20. Bxf4 a4 21. b4 Ng6 22. Bxg6 fxg6 23. Qxg6 Qd5 24. Qc2 Qxf3 25. Rdf1 Qd5 26. g5 Bf5 27. gxf6 Bxc2+ 0-1

[Event "Play for Durgesh Fundraiser Blitz"]
[Site "Vishy Anand Arena"]
[Date "2020.09.19"]
[Round "4"]
[White "knowledge_gm"]
[Black "Tchitnis"]
[Result "1-0"]
[WhiteElo "1891"]
[BlackElo "1652"]
[Annotator "NA"]
[PlyCount "79"]
[EventDate "2020.09.19"]
[EventType "swiss (blitz)"]

1. e4 e5 2. Nf3 Nc6 3. Bc4 Bc5 4. c3 Nf6 5. d3 d6 6. O-O Be6 7. Nbd2 d5 8. exd5 Nxd5 9. Ne4 Bb6 10. Nfg5 Bf5 11. Qf3 Bg6 12. Bxd5 O-O 13. Bxc6 bxc6 14. Be3 h6 15. Bxb6 hxg5 16. Be3 f6 17. Rad1 Rb8 18. b3 a5 19. d4 exd4 20. Bxd4 Qe8 21. Rfe1 Qf7 22. Bc5 Rfe8 23. Ng3 f5 24. Qxc6 f4 25. Ne4 Re6 26. Qd5 Rbe8 27. f3 g4 28. Kf2 gxf3 29. gxf3 c6 30. Qc4 Qf5 31. Rd2 Kh7 32. Ng5+ Qxg5 33. Rxe6 Qh4+ 34. Kg1 Qg5+ 35. Rg2 Qh4 36. Rgxg6 Rd8 37. Rxg7+ Kxg7 38. Re7+ Kh6 39. Qe6+ Kh5 40. Rh7+ 1-0